Score 0/20 Timer 03:00
1 Play Today
Person Missing Word % Correct
Ulysses S. _____Grant
96.5%
Wayne ______Gretzky
89.3%
_____ BrooksGarth
78.1%
_______ O'KeeffeGeorgia
72.8%
Vasco da ____Gama
70%
Jane ________Goodall
65.2%
______ MendelGregor
58.6%
____ RoddenberryGene
56.6%
________ ChaucerGeoffrey
55.6%
____ KasparovGarry
47%
Person Missing Word % Correct
Johannes _________Gutenberg
45.4%
David ______Geffen
30.4%
Martha ______Graham
29.8%
_______ St-PierreGeorges
22.7%
Frank _____Gehry
17.3%
Glenn ______Gould
15.2%
Robert H. _______Goddard
13.6%
(Johann) Carl Friedrich _____Gauss
11.9%
David _______Garrick
4.6%
Luigi _______Galvani
4.6%

Today's Daily Dose

Missing Word
I Hardly Know Her!

Word Ladder
Sentence Ending

Quick Pick
Female Firsts

Get the Picture
Triathlon Sports

Remove Ads.
Support Sporcle.
Get the best of Sporcle when you Go Orange. This ad-free experience offers more features, more stats, and more fun while also helping to support Sporcle. Thank you for becoming a member.

You're not logged in!

Compare scores with friends on all Sporcle quizzes.
OR
Log In

Show Comments

Extras

Top Quizzes Today


Score Distribution

Your Account Isn't Verified!

In order to create a playlist on Sporcle, you need to verify the email address you used during registration. Go to your Sporcle Settings to finish the process.

Report this User

Report this user for behavior that violates our Community Guidelines.

Details: